Biblioteca

Más allá del bien y del mal / Nietsche ; Dolores Castrillo Mirat, Prólogo, Carlos Vergara, Traductor (Registro nro. 32661)

Detalles MARC
000 -LÍDER
Campo fijo de descripción fija 008610000a22002050004500
020 ## - NÚMERO INTERNACIONAL NORMALIZADO PARA LIBROS
Número Internacional Normalizado del libro 84-7166-540-9
041 0# - CÓDIGO DE IDIOMA
Código de idioma para texto/pista de sonido o título separado
082 04 - NÚMERO DE CLASIFICACIÓN DECIMAL DEWEY
Número de clasificación G 177 N677m
001 - NÚMERO DE CONTROL
Campo de control 1338
100 1# - ASIENTO PRINCIPAL--NOMBRE PERSONAL
Nombre personal Nietzsche, Friedrich Wilhelm (1844-1900)
245 10 - TÍTULO
Título del Material Más allá del bien y del mal / Nietsche ; Dolores Castrillo Mirat, Prólogo, Carlos Vergara, Traductor
260 ## - PUBLICACIÓN, DISTRIBUCIÓN, ETC. (PIE DE IMPRENTA)
Lugar de publicación, distribución, etc. Madrid, España : EDAF
300 ## - DESCRIPCIÓN FÍSICA
Extensión 217 Pag.
336 ## - CONTENT TYPE
Content type term texto
Content type code txt
Source rdacontent
337 ## - MEDIA TYPE
Source rdamedia
Media type term sin mediación
Media type code n
338 ## - CARRIER TYPE
Source rdacarrier
Carrier type term volumen
Carrier type code nc
505 00 - NOTA DE CONTENIDO
Nota de contenido con formato preestablecido los prejuicios de los filósofos -- el espíritu libre -- el fenómeno religioso -- máximas e intermedios -- contribución a una historia natural de la moral -- nosotros los sabios -- nuestras virtudes -- pueblos y patrias --¿qué es la aristocracia? -- desde las altas cimas
650 14 - ASIENTO SECUNDARIO DE MATERIA - TERMINO TEMÁTICO
Término temático o nombre geográfico como elemento de entrada FILOSOFIA ALEMANA
942 ## - TIPO DE MATERIAL (KOHA)
Tipo de Item KOHA Libros General
Existencias
Estado de Material Estado de Perdido Estado de Dañado No para Préstamo Colección Tomo Biblioteca de Origen Biblioteca Permanente Fecha de Adquisición Total de Préstamos Signatura Topográfica Código de Barras Última vez visto Última vez Préstado Ejemplar/Existencia Fecha de Remplazo Tipo de Material
        Colección General   Biblioteca FUSBC Biblioteca FUSBC 13/10/2004 1 G 177 N677m 805 10/05/2022 03/05/2022 1 26/01/2016 Libros General

Biblioteca FUSBC | Teléfono: (57+4) 349 88 10 Ext. 141| WhatsApp (+57) 3005338115 
E-mail: biblioteca@unisbc.edu.co | Calle 76 87-14 Robledo Palenque, Medellín, Colombia

Con tecnología Koha